Loading...
| Literature - American Literature | 0 | 6 | 1 | 0 | 55 | 55 | 90.67 | 0 | 6 |
| Literature - World/Other Literature | 0 | 6 | 1 | 1 | 55 | 45 | 83.83 | 2 | 6 |
| Fine Arts - Other Fine Arts | 0 | 5 | 1 | 1 | 45 | 54 | 95.00 | 1 | 5 |
| Literature - European Literature | 0 | 4 | 0 | 1 | 40 | 48 | 96.75 | 0 | 4 |
| Literature - British Literature | 0 | 4 | 0 | 0 | 40 | 83 | 101.50 | 0 | 4 |
| Fine Arts - Classical Music | 0 | 2 | 1 | 0 | 15 | 12 | 36.50 | 1 | 2 |
| Religion | 0 | 2 | 1 | 1 | 15 | 71 | 101.50 | 1 | 2 |
| History - Other History | 0 | 1 | 0 | 0 | 10 | 33 | 33.00 | 1 | 1 |
| Mythology | 0 | 1 | 0 | 0 | 10 | 76 | 76.00 | 1 | 1 |
| Philosophy | 0 | 2 | 2 | 1 | 10 | 39 | 84.50 | 1 | 2 |
| Pop Culture | 0 | 1 | 0 | 0 | 10 | 86 | 86.00 | 1 | 1 |
| Science - Chemistry | 0 | 1 | 0 | 0 | 10 | 89 | 89.00 | 0 | 1 |
| Fine Arts - Visual Fine Arts | 0 | 1 | 1 | 0 | 5 | 85 | 85.00 | 1 | 1 |
| Social Science | 0 | 1 | 1 | 0 | 5 | 72 | 72.00 | 0 | 1 |
| History - European History | 0 | 0 | 1 | 0 | -5 | 0.00 | 0 | 0 | |
| Science - Physics | 0 | 0 | 1 | 0 | -5 | 0.00 | 0 | 0 |